[Event "Championnat de France - Mixte"]
[Site "Val d'Isere, FRA"]
[Date "2002.08.25"]
[Round "7"]
[White "Degraeve, Jean-Marc"]
[Black "Bauer, Christian"]
[Result "1-0"]
[WhiteElo "2586"]
[BlackElo "2550"]
[PlyCount "60"]

1. e4 e6 2. d4 d5 3. Nc3 Nf6 4. Bg5 dxe4 5. Nxe4 Be7 6. Bxf6 gxf6 7. Nf3 f5 8.
Nc3 Bf6 9. Qd2 c5 10. d5 exd5 11. Nxd5 Bxb2 12. Rd1 Be6 13. Bc4 Bg7 14. O-O O-O
15. Qf4 Nd7 16. Rfe1 Rc8 17. Ng5 Rc6 18. Nxe6 fxe6 19. Rxe6 Kh8 20. Rxc6 bxc6
21. Nc7 Be5 22. Qh6 Rf6 23. Qg5 Bxh2+ 24. Kxh2 Qxc7+ 25. Kg1 Qd8 26. Qf4 Nf8
27. Qxf5 Qa5 28. Qh5 Nd7 29. Qf5 Qd8 30. Qh5 Rf8 1-0

[Event "Championnat de France - Mixte"]
[Site "Val d'Isere, FRA"]
[Date "2002.08.29"]
[Round "10"]
[White "Bacrot, Etienne"]
[Black "Lautier, Joel"]
[Result "1/2-1/2"]
[WhiteElo "2653"]
[BlackElo "2665"]
[PlyCount "96"]

1. d4 Nf6 2. c4 e6 3. Nc3 Bb4 4. Nf3 c5 5. g3 Ne4 6. Qd3 Qa5 7. Qxe4 Bxc3+ 8.
Bd2 Bxd2+ 9. Nxd2 d6 10. Bg2 O-O 11. dxc5 dxc5 12. Qe3 Rd8 13. a3 Nc6 14. Rd1
Nd4 15. O-O Bd7 16. Nb3 Nxb3 17. Qxb3 Bc6 18. Bxc6 bxc6 19. Rxd8+ Rxd8 20. Rd1
h6 21. Kg2 Qc7 22. Rxd8+ Qxd8 23. Qb7 Qb6 24. Qxb6 axb6 25. e4 e5 26. f4 exf4
27. gxf4 Kf8 28. Kf3 g6 29. e5 Ke7 30. Ke4 f5+ 31. exf6+ Kxf6 32. a4 Ke6 33.
Kd3 g5 34. fxg5 hxg5 35. Kc3 Ke5 36. b4 cxb4+ 37. Kxb4 Kd6 38. h3 Kc7 39. c5
Kb7 40. cxb6 Kxb6 41. a5+ Ka6 42. Kc5 Kxa5 43. Kxc6 Ka6 44. Kd5 Kb6 45. Ke5 Kc6
46. Kf5 Kd6 47. Kf6 Kd7 48. Kxg5 Kd6 1/2-1/2

[Event "Championnat de France - Mixte"]
[Site "Val d'Isere, FRA"]
[Date "2002.08.29"]
[Round "10"]
[White "Vaisser, Anatoly"]
[Black "Bauer, Christian"]
[Result "0-1"]
[WhiteElo "2581"]
[BlackElo "2550"]
[PlyCount "198"]

1. d4 Nf6 2. c4 e6 3. Nc3 Bb4 4. e3 b6 5. Nge2 c5 6. a3 Ba5 7. Rb1 Na6 8. Bd2
O-O 9. Ng3 Bb7 10. Bd3 d5 11. cxd5 cxd4 12. exd4 Bxc3 13. bxc3 Qxd5 14. Qe2 Nb8
15. f3 Qa2 16. Bc1 Qxe2+ 17. Kxe2 Rc8 18. Bd2 Ba6 19. Ne4 Bxd3+ 20. Kxd3 Nc6
21. Rhc1 Nd5 22. a4 Nde7 23. f4 Rd8 24. Rb5 h6 25. Be3 Rac8 26. Nd2 Nd5 27. Nc4
f6 28. a5 Nc7 29. Rh5 b5 30. Nd2 Nxa5 31. Ra1 Nc4 32. Nxc4 bxc4+ 33. Kc2 Nd5
34. Bd2 f5 35. Rh3 Rd7 36. Rf3 Kf7 37. Rff1 Rb8 38. Ra4 Rc7 39. Rfa1 Rbb7 40.
g3 Ke8 41. Ra6 Kf7 42. R1a5 Rd7 43. Rc5 Rbc7 44. Ra4 Nb6 45. Ra6 Kf6 46. h3 Nd5
47. Ra4 Nb6 48. Ra6 Ke7 49. Bc1 Kf7 50. Ra1 Rxc5 51. dxc5 Nd5 52. Ra4 Rc7 53.
Rxc4 Ke8 54. Kd3 Kd7 55. Ra4 Kc8 56. Kd4 Kb7 57. Ra3 Rc6 58. g4 Nf6 59. gxf5
exf5 60. Be3 Re6 61. Kd3 Nd5 62. c6+ Kc8 63. Bd2 Rd6 64. Kc2 Kb8 65. Ra5 g6 66.
Bc1 Nb6 67. c7+ Kb7 68. Be3 Rc6 69. Bd4 Rxc7 70. Re5 Nc8 71. Kd3 a6 72. Re8 Re7
73. Rg8 Re6 74. Rg7+ Kc6 75. Rh7 h5 76. Rh8 Kd7 77. Rh7+ Re7 78. Rh6 Re6 79.
Rh7+ Kc6 80. Rh8 Kd7 81. Rh7+ Kc6 82. Rh8 Nb6 83. c4 a5 84. c5 Nd5 85. Ra8
Nxf4+ 86. Kc4 Re4 87. Ra6+ Kb7 88. Rf6 Ne6 89. Kd5 Nf4+ 90. Kc4 Ne2 91. Rf7+
Kc6 92. Rf6+ Kc7 93. Rf7+ Kd8 94. c6 Nxd4 95. c7+ Kc8 96. Kd5 Nb5 97. Kc6 Na7+
98. Kb6 Re6+ 99. Kxa7 a4 0-1


[PlyCount "198"]
[EventDate "2002.??.??"]

1. d4 Nf6 2. c4 e6 3. Nc3 Bb4 4. e3 b6 5. Nge2 c5 6. a3 Ba5 7. Rb1 Na6 8. Bd2
O-O 9. Ng3 Bb7 10. Bd3 d5 11. cxd5 cxd4 12. exd4 Bxc3 13. bxc3 Qxd5 14. Qe2 Nb8
15. f3 Qa2 16. Bc1 Qxe2+ 17. Kxe2 Rc8 18. Bd2 Ba6 19. Ne4 Bxd3+ 20. Kxd3 Nc6
21. Rhc1 Nd5 22. a4 Nde7 23. f4 Rd8 24. Rb5 h6 25. Be3 Rac8 26. Nd2 Nd5 27. Nc4
f6 28. a5 Nc7 29. Rh5 b5 30. Nd2 Nxa5 31. Ra1 Nc4 32. Nxc4 bxc4+ 33. Kc2 Nd5
34. Bd2 f5 35. Rh3 Rd7 36. Rf3 Kf7 37. Rff1 Rb8 38. Ra4 Rc7 39. Rfa1 Rbb7 40.
g3 Ke8 41. Ra6 Kf7 42. R1a5 Rd7 43. Rc5 Rbc7 44. Ra4 Nb6 45. Ra6 Kf6 46. h3 Nd5
47. Ra4 Nb6 48. Ra6 Ke7 49. Bc1 Kf7 50. Ra1 Rxc5 51. dxc5 Nd5 52. Ra4 Rc7 53.
Rxc4 Ke8 54. Kd3 Kd7 55. Ra4 Kc8 56. Kd4 Kb7 57. Ra3 Rc6 58. g4 Nf6 59. gxf5
exf5 60. Be3 Re6 61. Kd3 Nd5 62. c6+ Kc8 63. Bd2 Rd6 64. Kc2 Kb8 65. Ra5 g6 66.
Bc1 Nb6 67. c7+ Kb7 68. Be3 Rc6 69. Bd4 Rxc7 70. Re5 Nc8 71. Kd3 a6 72. Re8 Re7
73. Rg8 Re6 74. Rg7+ Kc6 75. Rh7 h5 76. Rh8 Kd7 77. Rh7+ Re7 78. Rh6 Re6 79.
Rh7+ Kc6 80. Rh8 Kd7 81. Rh7+ Kc6 82. Rh8 Nb6 83. c4 a5 84. c5 Nd5 85. Ra8
Nxf4+ 86. Kc4 Re4 87. Ra6+ Kb7 88. Rf6 Ne6 89. Kd5 Nf4+ 90. Kc4 Ne2 91. Rf7+
Kc6 92. Rf6+ Kc7 93. Rf7+ Kd8 94. c6 Nxd4 95. c7+ Kc8 96. Kd5 Nb5 97. Kc6 Na7+
98. Kb6 Re6+ 99. Kxa7 a4 0-1

[Event "Championnat de France - Mixte"]
[Site "Val d'Isere"]
[Date "2002.08.30"]
[Round "11"]
[White "Dorfman, Josif D"]
[Black "Bacrot, Etienne"]
[Result "1/2-1/2"]
[WhiteElo "2617"]
[BlackElo "2653"]
[PlyCount "31"]
[EventDate "2002.??.??"]

1. d4 Nf6 2. c4 e6 3. Nf3 d5 4. Nc3 Be7 5. Bg5 Rf8 6. e3 Nbd7 7. Rc1 c6 8. Bd3
dxc4 9. Bxc4 Nd5 10. Bxe7 Qxe7 11. Ne4 N5f6 12. Ng3 Qb4+ 13. Qd2 Qxd2+ 14. Kxd2
b6 15. Ke2 Bb7 16. Rhd1 1/2-1/2